La Política catalana del gran Comitè de Salut Pública / Emili Vigo
Descripción Física:
93 p. ; 24 cm
MARC
| LEADER | 00000nam a2200000Ia 4500 | ||
|---|---|---|---|
| 001 | 11326 | ||
| 008 | 160829s1956 xx 000 0 cat d | ||
| 080 | |a C-1-237 | ||
| 100 | |a Vigo, Emili |9 19941 | ||
| 245 | |a La Política catalana del gran Comitè de Salut Pública / Emili Vigo | ||
| 260 | |a Barcelona : |b Institut d' Estudis Catalans, |c 1956 | ||
| 300 | |a 93 p. ; |c 24 cm | ||
| 490 | |a Memòries de la Secció Històrico-Arqueològica ; 17 | ||
| 610 | 1 | 0 | |a França. |b Comité de Salut Pública |9 55357 |
| 651 | 0 | |9 55356 |a Catalunya |x Història |y 1788-1808, Carles IV | |
| 710 | 2 | |a Institut d'Estudis Catalans |9 52284 | |
| 901 | |a Arxiu | ||
| 942 | |n 1 |2 udc | ||
| 952 | |0 0 |1 0 |4 0 |6 C1237 |7 1 |9 41380 |a Arxiu |b Arxiu |d 2016-12-01 |l 0 |o C-1-237 |p 11326 |r 2016-12-01 00:00:00 |w 2016-12-01 |y ARXIU | ||
| 999 | |c 43187 |d 43187 | ||